Moral stealth (Record no. 10510)
[ view plain ]
| 000 -LEADER | |
|---|---|
| fixed length control field | 02117nam a22003854a 4500 |
| 082 04 - DEWEY DECIMAL CLASSIFICATION NUMBER | |
| Classification number | 616.89/14 |
| 100 1# - MAIN ENTRY--AUTHOR NAME | |
| Personal name | Goldberg, Arnold, |
| 245 10 - TITLE STATEMENT | |
| Title | Moral stealth |
| 260 ## - PUBLICATION, DISTRIBUTION, ETC. (IMPRINT) | |
| Place of publication | Chicago : |
| Name of publisher | University of Chicago Press, |
| Year of publication | 2007. |
| 300 ## - PHYSICAL DESCRIPTION | |
| Number of Pages | viii, 150 p. |
| 505 0# - FORMATTED CONTENTS NOTE | |
| Formatted contents note | Setting the stage -- Positioning psychoanalysis and psychotherapy for moral concerns -- Moral stealth -- The moral posture of psychoanalysis and psychotherapy: the case for moral ambiguity -- A risk of confidentiality -- On the nature of thoughtlessness -- I wish the hour were over: elements of a moral dilemma -- Psychotherapy and psychoanalysis and the problem of ownership: an effort at resolution -- Who owns the countertransference? -- Another look at neutrality -- Deontology and the superego -- Choosing up sides -- Making morals manifest. |
| 650 #0 - SUBJECT ADDED ENTRY--TOPICAL TERM | |
| Topical Term | Psychotherapists |
| Topical Term | Psychotherapist and patient |
| Topical Term | Interpersonal relations. |
| 856 40 - ELECTRONIC LOCATION AND ACCESS | |
| Uniform Resource Identifier | http://site.ebrary.com/lib/rucke/Doc?id=10265936 |
No items available.
